La amistad espiritual / (Record no. 59580)

MARC details
000 -LEADER
campo de control de longitud fija 00538nam a2200169 i 4500
001 - NÚMERO DE CONTROL
campo de control 59580
003 - IDENTIFICADOR DE NÚMERO DE CONTROL
campo de control ES-MaACL
005 - FECHA Y HORA DE LA ÚLTIMA TRANSACCIÓN
campo de control 20230906164047.0
007 - CAMPO FIJO DE DESCRIPCIÓN FÍSICA--INFORMACIÓN GENERAL
campo de control de longitud fija t|
008 - DATOS DE LONGITUD FIJA--INFORMACIÓN GENERAL
campo de control de longitud fija 031029s1969 sp ||||1| spa d
100 1# - ENTRADA PRINCIPAL--NOMBRE DE PERSONA
Nombre de persona Elredo de Rievoulx
Títulos y otros términos asociados al nombre San.
9 (RLIN) 47096
245 13 - MENCIÓN DEL TÍTULO
Título La amistad espiritual /
Mención de responsabilidad, etc. San Elredo de Rievoulx ; introducción, notas y traducción por Martín Mª García.
260 ## - PUBLICACIÓN, DISTRIBUCIÓN, ETC.
Lugar de publicación, distribución, etc. Madrid :
Nombre del editor, distribuidor, etc. Studium,
Fecha de publicación, distribución, etc. [1969]
300 ## - DESCRIPCIÓN FÍSICA
Extensión 158 p. ;
Dimensiones 18 cm.
700 1# - ENTRADA AGREGADA--NOMBRE PERSONAL
Nombre de persona García, Martín María.
9 (RLIN) 54079
852 ## - LOCALIZACIÓN
Ubicación ES-MaACL
Número de control de estantería C-37216
Sublocalización o colección R.70464
Holdings
Estatus retirado Estado de pérdida Estado de daño No para préstamo Biblioteca de origen Biblioteca actual Ubicación en estantería Fecha de adquisición Fuente de adquisición Total de préstamos Signatura topográfica completa Código de barras Visto por última vez Precio de reemplazo Tipo de ítem Koha
        Biblioteca del Ateneo de Madrid Biblioteca del Ateneo de Madrid Depósito 2 17/01/2008     C-37216 1062493 23/02/2023 23/02/2023 Libro impreso